Statistiques concernant Liste des phobies commençant par A

Cliquez ici pour prendre le quiz!

Statistiques générales

  • Ce quiz a été pris 42 fois
  • Le résultat moyen est 8 sur 54

Statistiques - réponses

PeurPhobie% Correct
Peur des espaces découvertsAgoraphobie
83%
Peur de l'eauAquaphobie
80%
Peur des araignéesArachnophobie
71%
Peur des courants d'air, de la contamination par l'airAérophobie
57%
Peur de l'acnéAcnophobie
37%
Peur des avionsAérodromophobie (ou Aviophobie)
37%
Peur des anglais, des anglo-saxonsAnglophobie
37%
Peur des aquariumsAquariophobie
37%
Peur des abeillesApiphobie
34%
Peur de l'alcoolAlcoolophobie
31%
Peur des hommesAndrophobie
26%
Peur des grandes hauteursAcrophobie
20%
Peur d'une crises d'angineAnginophobie
20%
Peur des acidesAcérophobie
14%
Peur de perdre l'odoratAnosmophobie
14%
Peur de la douleurAgliophobie (ou Algophobie)
11%
Peur des chatsAilurophobie (ou Galéphobie)
11%
Peur des chauvesAlopophobie
11%
Peur du ventAnémophobie
11%
Peur des oursArctophobie
11%
Peur des piqûres d'insectesAcarophobie
9%
Peur des gaz dans le côlonAérocolophobie (ou Erubophobie)
9%
Peur des voitures, de conduire une voitureAmaxophobie
9%
Peur de se mettre en colèreAngrophobie
9%
Peur de ne pas avoir d'orgasmeAnorgasmophobie
9%
Peur de la socitéAnthropophobie
9%
Peur du désir sexuelAphrophobie
9%
Peur des aiglesAquilaphobie
9%
Peur des chiffresArithmophobie
9%
Peur de se baignerAblutophobie
6%
Peur des pointesAchmophobie (ou Aichmophobie)
6%
Peur d'être violéAgraphobie
6%
Peur des animaux sauvagesAgrizoophobie
6%
Peur des pointesAichmophobie (ou Achmophobie)
6%
Peur des pouletsAlektorophobie
6%
Peur de la constipationApopathodiaphulatophobie
6%
Peur des ouvre-boîtesAppertophobie
6%
Peur du sableArénaphobie
6%
Peur de l'obscuritéAchluophobie (ou Kénonauphobie)
3%
Peur des espaces ouverts placés en hauteurAéroacrophobie
3%
Peur de la poussièreAmathophobie (ou Myxophobie)
3%
Peur de marcherAmbulophobie
3%
Peur de perdre la mémoireAmnésiphobie
3%
Peur des accidentsAmychophobie
3%
Peur de regarder avec insistanceAnabléphobie
3%
Peur de ne pas transpirerAnhidrophobie
3%
Peur des versAnthelmophobie
3%
Peur des inondationsAnthlopophobie
3%
Peur de rester célibataireAnuptaphobie
3%
Peur de l'infiniApeirophobie
3%
Peur d'être touchéAphenphosmophobie
3%
Peur des excréments / de déféquerApopathophobie
3%
Peur des gens amputésApotemnophobie
3%
Peur du bruitAcousticophbie
0%

Distribution des résultats

Percentile par nombre de réponses

% des personnes avec chaque résultat

Votre développement - résultats

Vous n’avez pas pris ce quiz